000
00294nam a22001217a 4500
040
_c
HS
082
_a
338 IAN 2000 C086
100
_a
IAN DOBBS
245
_a
Managerial economics : firms, markets, and business decision
260
_a
New York
_b
IAN DOBBS
_c
2000
300
_a
493p;
942
_c
EK
999
_c
11087
_d
11087